000 00221nam a2200097Ia 4500
008 170619s9999 xx 000 0 und d
100 _aGill- P. S.
245 0 _aMachine Drawing
260 _bS. K. Kataria & Sons
260 _c2004
546 _aENGLISH
999 _c17354
_d17354